00522nam a22001457a 4500020001800000082001600018100001700034245005900051260004500110300000800155650004200163942000700205952014700212999001700359 a9780190921644 a954.053 KAM aKamdar, Mira aIndia in the 21st Century: What Everyone Needs to Know aNew DelhibOxford University Pressc2018 a244 aIndia-21st Century; social conditions cBK 001040708NFICaHMIbHMIcGENd2018-09-24eKohinoor Book Distributorsg395.00l1o954.053 KAMp25527r2020-01-28s2020-01-21w2018-09-24yBK c21682d21682